[Event "Netanya Open 2019"]
[Site "Netanya"]
[Date "2019.06.30"]
[Round "7.4"]
[White "Zoler, Dan"]
[Black "Parligras, Mircea-Emilian"]
[Result "1/2-1/2"]
[WhiteElo "2499"]
[BlackElo "2638"]
[Annotator "TA"]
[PlyCount "162"]
[EventDate "2019.06.23"]
[EventType "swiss"]
[EventCountry "ISR"]
[SourceTitle "playchess.com"]
[Source "ChessBase"]
[SourceQuality "1"]

{[%evp 9,162,0,20,0,15,0,39,32,32,35,37,37,43,37,64,67,81,90,76,66,68,36,33,11,37,19,16,11,14,8,25,8,25,0,12,0,78,93,202,185,241,254,240,234,237,243,245,250,231,114,106,22,22,20,18,17,14,14,22,23,25,26,20,19,64,27,35,20,27,-45,32,40,35,33,43,19,20,33,38,38,38,37,37,37,41,20,20,20,20,19,19,19,19,19,19,19,19,12,31,31,19,5,20,12,19,12,14,12,19,19,31,33,43,0,22,0,43,43,43,43,43,43,144,137,191,191,191,191,191,191,191,191,191,191,191,191,191,191,191,29,29,29,29,29,29,29,29,29,29,29,29,29,81,25,25]} 1. d4 Nf6 2. c4 e6 3. Nf3 d5 4. g3 Bb4+ 5. Bd2 Bd6 (5... Be7 6. Bg2 O-O 7. O-O Nbd7 8. Qc2 c6 9. Rc1 b6 10. cxd5 cxd5 11. Qd1 Bb7 12. a3 a6 13. Bf4 Rc8 14. Nbd2 Rxc1 15. Rxc1 Qa8 16. Ne5 Nxe5 17. Bxe5 {½-½ (41) Mamedyarov,S (2790)-Radjabov,T (2756) Shamkir 2019}) 6. Nc3 {E01: Catalan: Early deviations} Nbd7 7. Qc2 O-O 8. c5 {White is slightly better.} Be7 9. Bg2 c6 10. O-O Re8 11. b4 {[%cal Bb2b4,Bb4b5][%mdl 32]} a5 $146 ({Predecessor:} 11... Bf8 12. e4 Nxe4 13. Nxe4 dxe4 14. Qxe4 {1-0 (48) Nyback,T (2572)-Lindgren,P (2380) Germany 2018}) 12. b5 e5 13. dxe5 Ng4 14. e4 d4 15. Nxd4 {aiming for e6.} Bxc5 16. Nce2 cxb5 17. h3 Ngxe5 18. Nxb5 b6 19. a4 Bb7 20. Rad1 Rc8 21. Qb1 Qe7 22. Bc3 Ng6 (22... h5 $11 {keeps the balance.}) 23. Ned4 $1 $36 {[%cal Rd4f5][%mdl 2048] White is on the roll.} Nde5 (23... Bxe4 $16 24. Qxe4 Qxe4 25. Bxe4 Rxe4) 24. Nf5 $18 Qf8 (24... Qe6 $142 25. Kh1 f6) 25. Kh2 $1 f6 26. f4 Nf7 27. Rd7 Bc6 28. Ra7 Bxb5 29. Qxb5 (29. axb5 $18 {is the precise move to win.} Ne7 30. Nd4) 29... Ne7 $16 {and if ...Nxf5 works, Black does fine.} 30. Qb3 (30. Nh4 $16) 30... Nxf5 $11 31. exf5 {Hoping for Rxf7!} Re7 $1 {[%cal Re7a7]} 32. Rxe7 Qxe7 33. Re1 Qc7 34. Qe6 {Rd1 is the strong threat.} Kf8 35. Bd5 Rd8 36. Bc4 Qd7 37. Bb5 Qc8 38. Re2 Nd6 39. Qe7+ Kg8 40. Rd2 Nf7 41. Rxd8+ Qxd8 42. Qe6 {And now Bc4 would win.} Kf8 43. Bc4 {[%csl Gc4][%cal Re6f7]} Qe7 44. Qd5 Ke8 45. Qa8+ Nd8 46. Bb5+ Kf8 47. Kg2 Qb7+ 48. Qxb7 Nxb7 {[%mdl 4096] Endgame KBB-KBN} 49. Kf3 Nd6 50. Bd3 h5 51. g4 hxg4+ 52. hxg4 Ke7 53. g5 Kf7 54. Kg4 Be3 55. Bb2 Ke7 56. Kf3 Bc5 57. Bc1 Bd4 58. Kg4 Kf7 59. Kh5 Bc5 60. Bd2 Bb4 61. Bc1 Bc5 62. Bd2 Bb4 63. Be3 Bc5 64. Bc1 Bb4 65. Bb2 Bc5 (65... Bd2 $1 $14) 66. Bc2 $1 $16 b5 (66... Be3 $16 {is a better defense.}) 67. Bb3+ $1 $18 Kf8 68. Kg6 $1 ({Don't do} 68. gxf6 $6 gxf6 69. Bxf6 bxa4 $16) 68... bxa4 69. Bxa4 Be3 70. gxf6 gxf6 71. Kxf6 {Threatens to win with Ba3!} Bxf4 72. Ba3 {Strongly threatening Ke6.} Kg8 73. Kg6 $1 Be5 {[#] intending ...Nxf5.} 74. Bb3+ $2 ({Only move:} 74. f6 $1 $18) 74... Kf8 $1 $11 75. f6 {Black must now prevent Ba4.} Ke8 76. Ba4+ Kd8 77. Bc1 Kc7 78. Bd2 Kb6 $1 79. Be3+ Kb7 80. Bg1 Kc7 {[#]} (80... Bc3 $11) 81. f7 (81. Ba7 $1 $16) 81... Nxf7 $1 {Accuracy: White = 59%, Black = 62%.} 1/2-1/2

[Event "Netanya Open 2019"]
[Site "Netanya"]
[Date "2019.06.30"]
[Round "7.5"]
[White "Bar, Roman"]
[Black "Roiz, Michael"]
[Result "1/2-1/2"]
[WhiteElo "2497"]
[BlackElo "2603"]
[Annotator "TA"]
[PlyCount "55"]
[EventDate "2019.06.23"]
[EventType "swiss"]
[EventCountry "ISR"]
[SourceTitle "playchess.com"]
[Source "ChessBase"]
[SourceQuality "1"]

{[%evp 15,55,18,25,19,18,18,18,16,12,14,15,13,15,14,13,10,19,11,19,16,19,17,21,17,17,19,19,13,18,27,27,23,23,23,23,23,26,18,21,12,14,10]} 1. e4 e5 2. Nf3 Nc6 3. Bb5 Nf6 4. O-O Nxe4 5. Re1 Nd6 6. Nxe5 Be7 7. Bf1 Nxe5 8. Rxe5 O-O 9. Nc3 {C67: Ruy Lopez: Berlin Defence: 4 0-0 Nxe4} Ne8 10. Nd5 {[%cal Bc3d5,Bd5e3,Be3f5,Bf5e7][%mdl 32]} Bd6 11. Re1 c6 12. Ne3 Bc7 13. Nf5 d5 14. Ne7+ Kh8 {[#] Strongly threatening ...Be6.} 15. Nxc8 Rxc8 16. d3 Nf6 {[#]} 17. g3 $146 Qd7 18. Bd2 Rce8 19. Qf3 Kg8 20. Rxe8 Rxe8 21. Re1 Rxe1 22. Bxe1 h6 23. Bd2 Qe6 24. Qe3 Qxe3 25. Bxe3 Bb6 26. Bd2 Ng4 27. Be1 f5 28. Kg2 {Accuracy: White = 82%, Black = 91%.} 1/2-1/2

[Event "Netanya Open 2019"]
[Site "Netanya"]
[Date "2019.06.30"]
[Round "7.6"]
[White "Flom, Gabriel"]
[Black "Rozentalis, Eduardas"]
[Result "1/2-1/2"]
[WhiteElo "2480"]
[BlackElo "2540"]
[Annotator "ChessBase"]
[PlyCount "99"]
[EventDate "2019.06.23"]
[EventType "swiss"]
[EventCountry "ISR"]
[SourceTitle "playchess.com"]
[Source "ChessBase"]
[SourceQuality "1"]
[TimeControl "40/5400+30:1800+30"]

1. d4 {[%emt 0:05:32]} Nf6 {[%emt 0:00:00]} 2. c4 {[%emt 0:00:09]} e6 {[%emt 0:00:00]} 3. Nc3 {[%emt 0:00:05]} Bb4 {[%emt 0:00:00]} 4. f3 {[%emt 0:00:03]} O-O {[%emt 0:01:11]} 5. e4 {[%emt 0:01:58]} d5 {[%emt 0:00:14]} 6. cxd5 {[%emt 0:06:38]} exd5 {[%emt 0:00:14]} 7. e5 {[%emt 0:00:01]} Nfd7 {[%emt 0:00:24]} 8. a3 {[%emt 0:05:30]} Bxc3+ {[%emt 0:00:39]} 9. bxc3 {[%emt 0:00:02]} f6 {[%emt 0:00:09]} 10. exf6 {[%emt 0:01:11]} Qxf6 {[%emt 0:00:27]} 11. Bd3 {[%emt 0:00:24]} Nb6 {[%emt 0:01:11]} 12. Ne2 {[%emt 0:01:06]} Bf5 {[%emt 0:01:11]} 13. Bf4 {[%emt 0:00:11]} Qc6 {[%emt 0:06:52]} 14. O-O {[%emt 0:02:21]} N8d7 {[%emt 0:01:35]} 15. Be5 {[%emt 0:00:23]} Nc4 {[%emt 0:02:29]} 16. Bxf5 {[%emt 0:03:11]} Rxf5 {[%emt 0:00:18]} 17. Qd3 {[%emt 0:04:45]} Rf7 {[%emt 0:12:55]} 18. f4 {[%emt 0:00:21]} Nf6 {[%emt 0:00:28]} 19. Ng3 {[%emt 0:02:11]} Ne4 {[%emt 0:01:01]} 20. Rfe1 {[%emt 0:06:52]} Nxg3 {[%emt 0:03:41]} 21. hxg3 {[%emt 0:01:17]} Raf8 {[%emt 0:05:02]} 22. Rf1 {[%emt 0:08:54]} Qg6 {[%emt 0:12:22]} 23. Qxg6 {[%emt 0:08:35]} hxg6 {[%emt 0:00:50]} 24. Rf3 {[%emt 0:05:14]} c6 {[%emt 0:03:41]} 25. Kf2 {[%emt 0:00:58]} b5 {[%emt 0:18:26]} 26. g4 {[%emt 0:00:45]} a5 {[%emt 0:01:41]} 27. Rh1 {[%emt 0:08:07]} Re8 {[%emt 0:02:03]} 28. g5 {[%emt 0:10:46]} Kf8 {[%emt 0:07:57]} 29. g4 {[%emt 0:01:32]} Ke7 {[%emt 0:00:42]} 30. f5 {[%emt 0:00:12]} Kd7 {[%emt 0:01:43]} 31. f6 {[%emt 0:06:34]} gxf6 {[%emt 0:13:41]} 32. Rxf6 {[%emt 0:00:19]} Rg7 {[%emt 0:00:41]} 33. Bf4 {[%emt 0:01:30]} a4 {[%emt 0:00:54]} 34. Rh6 {[%emt 0:00:34]} Re6 {[%emt 0:00:13]} 35. Rh8 {[%emt 0:02:07]} Rxf6 {[%emt 0:00:16]} 36. gxf6 {[%emt 0:00:03]} Rf7 {[%emt 0:00:03]} 37. g5 {[%emt 0:00:51]} Nxa3 {[%emt 0:01:38]} 38. Ke2 {[%emt 0:02:51]} Nc4 {[%emt 0:00:51]} 39. Kd3 {[%emt 0:00:20]} a3 {[%emt 0:00:43]} 40. Kc2 {[%emt 0:01:33]} Ke6 {[%emt 0:00:14]} 41. Kb3 {[%emt 0:32:52]} Ra7 {[%emt 0:04:12]} 42. Ka2 {[%emt 0:00:00]} Kf5 {[%emt 0:00:28]} 43. Bc1 {[%emt 0:00:00]} Nd6 {[%emt 0:02:58]} 44. Rh1 {[%emt 0:00:00]} Ne4 {[%emt 0:01:24]} 45. Rf1+ {[%emt 0:00:00]} Ke6 {[%emt 0:00:12]} 46. Rf3 {[%emt 0:00:00]} Ra8 {[%emt 0:04:57]} 47. Rh3 {[%emt 0:00:00]} Kf5 {[%emt 0:02:35]} 48. Rf3+ {[%emt 0:00:00]} Ke6 {[%emt 0:02:54]} 49. Rh3 {[%emt 0:00:00]} Kf5 {[%emt 0:00:34]} 50. Rf3+ {[%emt 0:00:00]} 1/2-1/2

[Event "Netanya Open 2019"]
[Site "Netanya"]
[Date "2019.06.30"]
[Round "7.7"]
[White "Baron, Tal"]
[Black "Erenberg, Ariel"]
[Result "1-0"]
[WhiteElo "2524"]
[BlackElo "2434"]
[Annotator "ChessBase"]
[PlyCount "123"]
[EventDate "2019.06.23"]
[EventType "swiss"]
[EventCountry "ISR"]
[SourceTitle "playchess.com"]
[Source "ChessBase"]
[SourceQuality "1"]
[TimeControl "40/5400+30:1800+30"]

1. d4 {[%emt 0:23:09]} Nf6 {[%emt 0:00:00]} 2. c4 {[%emt 0:00:03]} e6 {[%emt 0:00:00]} 3. Nc3 {[%emt 0:00:07]} Bb4 {[%emt 0:00:00]} 4. a3 {[%emt 0:00:02]} Bxc3+ {[%emt 0:01:49]} 5. bxc3 {[%emt 0:00:02]} c5 {[%emt 0:04:39]} 6. e3 {[%emt 0:00:17]} Qa5 {[%emt 0:20:35]} 7. Bd2 {[%emt 0:00:25]} Ne4 {[%emt 0:04:52]} 8. Bd3 {[%emt 0:00:49]} Nxd2 {[%emt 0:00:31]} 9. Qxd2 {[%emt 0:00:21]} O-O {[%emt 0:06:17]} 10. Nf3 {[%emt 0:01:08]} d5 {[%emt 0:11:15]} 11. cxd5 {[%emt 0:04:52]} exd5 {[%emt 0:00:20]} 12. O-O {[%emt 0:00:24]} Nc6 {[%emt 0:00:15]} 13. Qb2 {[%emt 0:10:41]} a6 {[%emt 0:08:13]} 14. a4 {[%emt 0:12:41]} Rb8 {[%emt 0:09:14]} 15. Rfb1 {[%emt 0:02:49]} Bg4 {[%emt 0:01:56]} 16. Nd2 {[%emt 0:00:49]} Qc7 {[%emt 0:01:51]} 17. h3 {[%emt 0:05:16]} Bh5 {[%emt 0:04:08]} 18. Qb6 {[%emt 0:00:17]} Qxb6 {[%emt 0:03:20]} 19. Rxb6 {[%emt 0:00:01]} Na5 {[%emt 0:02:21]} 20. dxc5 {[%emt 0:07:13]} Bg6 {[%emt 0:02:30]} 21. Be2 {[%emt 0:07:08]} Rfc8 {[%emt 0:06:01]} 22. Nb3 {[%emt 0:00:26]} Nxb3 {[%emt 0:00:07]} 23. Rxb3 {[%emt 0:00:03]} f6 {[%emt 0:01:43]} 24. Rb6 {[%emt 0:04:36]} Be8 {[%emt 0:05:59]} 25. a5 {[%emt 0:00:05]} Kf8 {[%emt 0:01:12]} 26. g4 {[%emt 0:08:37]} Rxc5 {[%emt 0:00:35]} 27. Bxa6 {[%emt 0:00:06]} Bc6 {[%emt 0:02:57]} 28. Rab1 {[%emt 0:02:54]} Rxc3 {[%emt 0:00:31]} 29. Bxb7 {[%emt 0:00:13]} Rxb7 {[%emt 0:00:11]} 30. Rxb7 {[%emt 0:00:03]} Bxb7 {[%emt 0:00:04]} 31. Rxb7 {[%emt 0:00:02]} Ra3 {[%emt 0:00:08]} 32. Rb5 {[%emt 0:00:17]} d4 {[%emt 0:00:45]} 33. exd4 {[%emt 0:00:24]} Rxh3 {[%emt 0:00:04]} 34. Rb8+ {[%emt 0:00:59]} Ke7 {[%emt 0:01:24]} 35. a6 {[%emt 0:01:15]} Ra3 {[%emt 0:00:08]} 36. Rb7+ {[%emt 0:00:12]} Ke6 {[%emt 0:00:09]} 37. a7 {[%emt 0:00:10]} g5 {[%emt 0:01:04]} 38. Rxh7 {[%emt 0:00:07]} Kd5 {[%emt 0:00:01]} 39. Rd7+ {[%emt 0:03:26]} Ke6 {[%emt 0:00:12]} 40. Rb7 {[%emt 0:02:10]} Kd5 {[%emt 0:01:20]} 41. Kf1 {[%emt 0:34:29]} Kxd4 {[%emt 0:31:16]} 42. Ke2 {[%emt 0:01:00]} Ra2+ {[%emt 0:00:00]} 43. Kd1 {[%emt 0:00:00]} Ke4 {[%emt 0:00:00]} 44. Rf7 {[%emt 0:00:00]} Kf4 {[%emt 0:00:00]} 45. Rxf6+ {[%emt 0:00:00]} Kxg4 {[%emt 0:00:00]} 46. Rf7 {[%emt 0:00:00]} Kh3 {[%emt 0:01:09]} 47. Rg7 {[%emt 0:00:00]} g4 {[%emt 0:01:15]} 48. Kc1 {[%emt 0:00:00]} Kg2 {[%emt 0:00:26]} 49. f4 {[%emt 0:00:00]} g3 {[%emt 0:00:04]} 50. f5 {[%emt 0:00:00]} Kh1 {[%emt 0:01:10]} 51. f6 {[%emt 0:00:00]} g2 {[%emt 0:00:08]} 52. f7 {[%emt 0:00:00]} Ra1+ {[%emt 0:00:45]} 53. Kb2 {[%emt 0:00:00]} Rxa7 {[%emt 0:00:09]} 54. f8=Q {[%emt 0:00:00]} Rxg7 {[%emt 0:00:13]} 55. Qh8+ {[%emt 0:00:00]} Kg1 {[%emt 0:00:04]} 56. Qxg7 {[%emt 0:00:00]} Kf1 {[%emt 0:00:05]} 57. Qf6+ {[%emt 0:00:00]} Ke2 {[%emt 0:00:06]} 58. Qg5 {[%emt 0:00:00]} Kf2 {[%emt 0:00:04]} 59. Qf4+ {[%emt 0:00:00]} Ke2 {[%emt 0:00:32]} 60. Qg3 {[%emt 0:00:00]} Kf1 {[%emt 0:00:31]} 61. Qf3+ {[%emt 0:00:00]} Kg1 {[%emt 0:00:34]} 62. Kc3 {[%emt 0:00:00]} 1-0

[Event "Netanya Open 2019"]
[Site "Netanya"]
[Date "2019.06.30"]
[Round "7.8"]
[White "Gorodetzky, David"]
[Black "Rechlis, Gad"]
[Result "1-0"]
[WhiteElo "2461"]
[BlackElo "2506"]
[Annotator "ChessBase"]
[PlyCount "91"]
[EventDate "2019.06.23"]
[EventType "swiss"]
[EventCountry "ISR"]
[SourceTitle "playchess.com"]
[Source "ChessBase"]
[SourceQuality "1"]
[TimeControl "40/5400+30:1800+30"]

1. d4 {[%emt 0:00:00]} Nf6 {[%emt 0:16:52]} 2. c4 {[%emt 0:00:00]} c5 {[%emt 0:05:25]} 3. d5 {[%emt 0:00:26]} g6 {[%emt 0:00:40]} 4. Nc3 {[%emt 0:02:24]} Bg7 {[%emt 0:00:05]} 5. e4 {[%emt 0:01:49]} O-O {[%emt 0:00:06]} 6. Be2 {[%emt 0:15:53]} d6 {[%emt 0:20:15]} 7. Be3 {[%emt 0:03:12]} b5 {[%emt 0:03:06]} 8. cxb5 {[%emt 0:02:02]} a6 {[%emt 0:00:08]} 9. bxa6 {[%emt 0:10:46]} Qa5 {[%emt 0:01:08]} 10. Bd2 {[%emt 0:08:34]} Bxa6 {[%emt 0:05:28]} 11. Nf3 {[%emt 0:01:31]} Qb4 {[%emt 0:00:51]} 12. Bxa6 {[%emt 0:20:44]} Nxa6 {[%emt 0:00:20]} 13. Qe2 {[%emt 0:02:05]} Qxb2 {[%emt 0:01:03]} 14. O-O {[%emt 0:01:11]} Qa3 {[%emt 0:08:15]} 15. e5 {[%emt 0:03:00]} dxe5 {[%emt 0:02:11]} 16. Nb5 {[%emt 0:03:57]} Qa4 {[%emt 0:00:34]} 17. Nc3 {[%emt 0:00:28]} Qe8 {[%emt 0:02:30]} 18. Nxe5 {[%emt 0:02:56]} Nb4 {[%emt 0:00:19]} 19. Qc4 {[%emt 0:04:36]} Nfxd5 {[%emt 0:15:04]} 20. Nxd5 {[%emt 0:01:20]} Nxd5 {[%emt 0:00:02]} 21. Qxd5 {[%emt 0:05:07]} Rd8 {[%emt 0:00:01]} 22. Qxc5 {[%emt 0:00:16]} Rxd2 {[%emt 0:00:01]} 23. Nf3 {[%emt 0:01:42]} Rd3 {[%emt 0:03:46]} 24. Rac1 {[%emt 0:01:45]} Bf6 {[%emt 0:02:17]} 25. Rfe1 {[%emt 0:02:06]} Qa4 {[%emt 0:01:48]} 26. Qc4 {[%emt 0:01:14]} Qa3 {[%emt 0:02:48]} 27. h3 {[%emt 0:01:08]} Rfd8 {[%emt 0:00:21]} 28. Rc2 {[%emt 0:01:57]} R8d5 {[%emt 0:01:29]} 29. Qe4 {[%emt 0:01:12]} Kg7 {[%emt 0:00:45]} 30. Qe2 {[%emt 0:00:38]} h5 {[%emt 0:01:13]} 31. Rb1 {[%emt 0:00:25]} Qa8 {[%emt 0:03:03]} 32. Re1 {[%emt 0:00:58]} e6 {[%emt 0:00:54]} 33. Qe4 {[%emt 0:00:31]} Ra3 {[%emt 0:00:32]} 34. Rc7 {[%emt 0:00:29]} Bd8 {[%emt 0:01:49]} 35. Rxf7+ {[%emt 0:00:36]} Kxf7 {[%emt 0:00:01]} 36. Qxe6+ {[%emt 0:00:07]} Kg7 {[%emt 0:00:01]} 37. Ne5 {[%emt 0:00:33]} Rxe5 {[%emt 0:01:31]} 38. Qxe5+ {[%emt 0:00:16]} Bf6 {[%emt 0:01:23]} 39. Qc7+ {[%emt 0:00:30]} Kh6 {[%emt 0:00:15]} 40. Re6 {[%emt 0:00:23]} Qf8 {[%emt 0:01:04]} 41. Rxf6 {[%emt 0:03:15]} Qxf6 {[%emt 0:11:43]} 42. Qc1+ {[%emt 0:00:09]} g5 {[%emt 0:00:24]} 43. Qxa3 {[%emt 0:00:06]} Qa1+ {[%emt 0:00:27]} 44. Kh2 {[%emt 0:00:06]} Qe5+ {[%emt 0:00:33]} 45. Qg3 {[%emt 0:04:07]} Qd4 {[%emt 0:00:23]} 46. h4 {[%emt 0:00:27]} 1-0

[Event "Netanya Open 2019"]
[Site "Netanya"]
[Date "2019.06.30"]
[Round "7.9"]
[White "Birnboim, Nathan"]
[Black "Dvoirys, Semen I."]
[Result "0-1"]
[WhiteElo "2379"]
[BlackElo "2502"]
[Annotator "ChessBase"]
[PlyCount "80"]
[EventDate "2019.06.23"]
[EventType "swiss"]
[EventCountry "ISR"]
[SourceTitle "playchess.com"]
[Source "ChessBase"]
[SourceQuality "1"]
[TimeControl "40/5400+30:1800+30"]

1. d4 {[%emt 0:00:00]} Nf6 {[%emt 0:00:00]} 2. c4 {[%emt 0:00:00]} g6 {[%emt 0:00:00]} 3. Nc3 {[%emt 0:00:00]} d5 {[%emt 0:00:00]} 4. Nf3 {[%emt 0:00:08]} Bg7 {[%emt 0:00:00]} 5. cxd5 {[%emt 0:00:06]} Nxd5 {[%emt 0:00:04]} 6. e4 {[%emt 0:00:06]} Nxc3 {[%emt 0:00:05]} 7. bxc3 {[%emt 0:00:04]} c5 {[%emt 0:00:08]} 8. Rb1 {[%emt 0:00:05]} O-O {[%emt 0:00:08]} 9. Be2 {[%emt 0:00:08]} Qa5 {[%emt 0:00:09]} 10. O-O {[%emt 0:00:24]} Qxa2 {[%emt 0:00:04]} 11. Bg5 {[%emt 0:00:12]} Re8 {[%emt 0:00:07]} 12. h3 {[%emt 0:02:19]} a6 {[%emt 0:13:04]} 13. Bd3 {[%emt 0:06:21]} Qa5 {[%emt 0:10:12]} 14. Qc1 {[%emt 0:14:30]} b5 {[%emt 0:16:00]} 15. Bh6 {[%emt 0:06:51]} Nd7 {[%emt 0:00:37]} 16. Bxg7 {[%emt 0:00:58]} Kxg7 {[%emt 0:03:21]} 17. e5 {[%emt 0:00:38]} Qc7 {[%emt 0:08:32]} 18. Qe3 {[%emt 0:04:01]} Nb6 {[%emt 0:09:42]} 19. Ng5 {[%emt 0:01:05]} Be6 {[%emt 0:00:17]} 20. Nxe6+ {[%emt 0:02:20]} fxe6 {[%emt 0:00:06]} 21. Qg5 {[%emt 0:23:34]} Nd5 {[%emt 0:08:01]} 22. Rbc1 {[%emt 0:03:58]} Rf8 {[%emt 0:03:22]} 23. g3 {[%emt 0:00:48]} c4 {[%emt 0:06:28]} 24. Be4 {[%emt 0:00:42]} Rf7 {[%emt 0:02:48]} 25. h4 {[%emt 0:00:29]} Kh8 {[%emt 0:04:13]} 26. h5 {[%emt 0:02:30]} gxh5 {[%emt 0:00:51]} 27. Qxh5 {[%emt 0:01:11]} Raf8 {[%emt 0:00:45]} 28. Qh6 {[%emt 0:00:27]} Qc8 {[%emt 0:00:31]} 29. Rc2 {[%emt 0:02:39]} Rg8 {[%emt 0:00:43]} 30. Ra1 {[%emt 0:01:12]} b4 {[%emt 0:03:10]} 31. cxb4 {[%emt 0:01:22]} Nxb4 {[%emt 0:00:02]} 32. Rc3 {[%emt 0:04:09]} Nd5 {[%emt 0:00:34]} 33. Rf3 {[%emt 0:01:31]} Rgg7 {[%emt 0:00:27]} 34. Rxf7 {[%emt 0:05:48]} Rxf7 {[%emt 0:00:01]} 35. Ra5 {[%emt 0:07:39]} Nc3 {[%emt 0:03:22]} 36. Qh5 {[%emt 0:00:55]} Qf8 {[%emt 0:02:19]} 37. Bc2 {[%emt 0:00:01]} Nb5 {[%emt 0:00:19]} 38. Rxa6 {[%emt 0:03:18]} Nxd4 {[%emt 0:04:21]} 39. Be4 {[%emt 0:00:16]} Nf3+ {[%emt 0:01:06]} 40. Kg2 {[%emt 0:04:47]} Nd2 {[%emt 0:04:01]} 0-1

[Event "Netanya Open 2019"]
[Site "Netanya"]
[Date "2019.06.30"]
[Round "7.10"]
[White "Korobov, Anton"]
[Black "Abergel, Thal"]
[Result "1-0"]
[WhiteElo "2687"]
[BlackElo "2450"]
[Annotator "TA"]
[PlyCount "76"]
[EventDate "2019.06.23"]
[EventType "swiss"]
[EventCountry "ISR"]
[SourceTitle "playchess.com"]
[Source "ChessBase"]
[SourceQuality "1"]

{[%evp 12,76,37,36,51,48,52,53,44,44,57,50,55,44,64,64,58,23,85,70,85,85,89,89,72,70,62,65,90,100,126,121,121,120,115,114,157,156,150,124,132,145,132,107,126,131,123,110,212,95,114,87,263,239,249,233,306,31,35,29,391,394,356,280,279,286,1956]} 1. c4 c6 2. d4 d5 3. Nf3 Nf6 4. Nc3 a6 5. Qc2 e6 6. e3 Nbd7 7. b3 c5 {D45: Semi-Slav: 5 e3} (7... Bd6 8. Bb2 b6 9. Bd3 Bb7 10. O-O O-O 11. e4 dxe4 12. Nxe4 Nxe4 13. Bxe4 Nf6 14. Bd3 h6 15. Rad1 Qe7 {1-0 (35) Ivanchuk,V (2726)-Korobov,A (2652) Huaian 2017}) 8. cxd5 exd5 9. Be2 cxd4 {White is slightly better.} 10. Nxd4 Ne5 $146 ({Predecessor:} 10... Nc5 11. O-O Bd7 12. Bf3 Bg4 13. Bxg4 Nxg4 14. Bb2 Rc8 15. Qf5 h5 16. Rad1 {1-0 (16) Dao,T (2510)-Anasrullah (2290) Singapore 2008}) 11. O-O Bd6 12. Nf5 O-O 13. Nxd6 Qxd6 14. Rd1 (14. h3 {with more complications.} b5 15. Rd1 Bb7 16. Ne4 Nxe4 17. Qxe4 dxe4 18. Rxd6 Rfd8 19. Rb6) 14... Be6 (14... Neg4 $11 {remains equal.} 15. g3 Rd8) 15. h3 Rfd8 16. Bb2 Rac8 17. Rac1 Nc6 18. Bf1 Qf8 19. Qe2 b5 20. Qf3 d4 21. Ne4 Nxe4 22. Qxe4 {[%mdl 64] Double Attack} Bd5 23. Qf4 dxe3 24. Qxe3 ({Don't do} 24. fxe3 f6 $14) 24... Be6 25. Qb6 {Threatens to win with Rxd8.} Rxd1 26. Rxd1 Nb4 27. a3 Bxb3 {Strongly threatening ...Rc6.} 28. Rd2 $1 Nd5 29. Qxa6 b4 (29... Rc5 $16) 30. a4 (30. axb4 $18 {is the precise move to win. b5 is the strong threat.} Nxb4 31. Qb5) 30... Ra8 31. Qb7 Nc3 $2 (31... Rb8 $16 32. Qd7 Nb6) 32. a5 $1 $18 Rxa5 33. Rd4 Nd5 {[#]} 34. Rg4 $2 ({Only move:} 34. Bc4 $1 $18 {[%cal Rc4b3]} Bxc4 35. Rxc4) 34... f6 $14 35. Bd3 Ra2 $2 {[%mdl 8192] [#]} (35... Rc5 $1 $11) 36. Bd4 $1 $18 {[%cal Rd4c5] aiming for Bc5!} Ra5 37. Rh4 h6 {[#]} 38. Rxh6 $1 {[%mdl 512] Bh7+ would kill now.} Qa8 $2 {Accuracy: White = 70%, Black = 36%.} (38... Ne7 39. Qxb4 {[%mdl 64] Double Attack} gxh6 40. Qxa5 Be6) (38... gxh6 39. Qh7#) 1-0

[Event "Netanya Open 2019"]
[Site "Netanya"]
[Date "2019.06.30"]
[Round "7.11"]
[White "Bronstein, Or"]
[Black "Kuzubov, Yuriy"]
[Result "1-0"]
[WhiteElo "2378"]
[BlackElo "2671"]
[Annotator "TA"]
[PlyCount "85"]
[EventDate "2019.06.23"]
[EventType "swiss"]
[EventCountry "ISR"]
[SourceTitle "playchess.com"]
[Source "ChessBase"]
[SourceQuality "1"]

{[%evp 9,85,13,27,22,31,22,41,40,40,40,41,35,58,24,7,20,15,19,16,0,8,25,43,34,36,43,57,48,66,51,50,50,43,52,43,50,52,50,62,64,89,97,111,86,109,96,141,144,151,151,158,158,167,151,268,151,224,170,209,209,425,370,347,314,342,319,395,400,443,289,669,427,854,818,1362,1316,29994,29995]} 1. d4 Nf6 2. c4 e6 3. Nf3 b6 4. g3 Bb7 5. Bg2 g6 6. Nc3 {E16: Queen's Indian: 4 g3 Bb7 5 Bg2 Bb4+} Bg7 7. d5 O-O 8. O-O {White is slightly better.} exd5 9. cxd5 Re8 10. Nd4 (10. Bf4 Na6 11. Rc1 Ne4 12. Nxe4 Rxe4 13. d6 c6 14. Qd2 Qf6 15. b3 Rae8 {0-1 (56) Wang,Y (2684)-Mamedyarov,S (2817) chess.com INT 2019}) 10... c5 11. Nc2 $146 ({Predecessor:} 11. Ndb5 d6 12. Bf4 Bf8 13. a4 a6 14. Na3 Nh5 15. Bd2 Nd7 {1-0 (47) Ponomariov,R (2686)-Hou,Y (2658) Shenzhen 2018}) 11... d6 12. Re1 Na6 13. e4 Qd7 14. Bf1 {Threatening Bb5.} Nc7 15. a4 Ba6 16. Bg2 Ng4 17. f4 Rad8 18. h3 $1 {[%cal Rh3g4]} Nh6 19. f5 {aiming for f6!} f6 20. g4 Nf7 21. b4 Bc4 22. Rb1 Ne5 23. Bf1 Bxf1 24. Rxf1 Rc8 25. b5 Ra8 26. Ne1 a6 {[#]} 27. bxa6 $1 Rxa6 28. Nd3 Nxd3 29. Qxd3 Rea8 30. Bf4 Qd8 31. Rb2 Qf8 (31... g5 $16) 32. Qg3 (32. fxg6 $18 hxg6 33. Bg3) 32... Rd8 (32... Ne8 $16 33. Rfb1 Bh6 34. Rxb6 Rxb6 35. Rxb6 Bxf4 36. Qxf4 Qg7) 33. Rfb1 Na8 34. h4 Bh6 $2 (34... Qe7 {is a better defense.} 35. Qh2 g5) 35. g5 $18 Bg7 36. Rg2 fxg5 37. Bxg5 Rd7 38. Rf1 {Black must now prevent fxg6.} Bd4+ 39. Kh1 Kh8 $2 (39... Nc7 40. Bf4 Qf6) 40. Qd3 Nc7 (40... Rf7 $142 41. Qxa6 Bxc3) 41. fxg6 Qc8 42. Bh6 {Threatening mate with Qxd4+!} Ra8 {[#]} 43. Qxd4+ $1 {[%mdl 512] Accuracy: White = 83%, Black = 40%.} 1-0